00870nam a2200277Ia 4500001000900000003000500009005001700014008004100031020002200072040000900094082002700103100002100130245012000151250001200271260002400283300001700307440002400324500004400348650001500392650003700407650001900444650001300463650003800476650001900514700005900533dia_6681CHAP20251021153003.0220601s9999 xx 000 0 und d a978-970-07-6553-9 cCHAP a808.83085 D87 D36 2014 aDumas, Alexandre aLa dama de las camelias / Alejandro Dumas, hijo ; introducción Arturo Souto Alabarce ; traducción Leonor Tejada a11a ed. aMéxico : Porrúa axxix, 169 p. aSepan cuantos ; 349 aTítulo original: La dame aux camelias a1. Novela  aLiteratura francesa - Siglo XIX  aAmor - Novela  aFiction  aFrench literature - 19th century  aLove - Fiction aSouto Alabarce, Arturo, prol. \ Tejada, Leonor, tr.Ì